000
00258nam a22001097a 4500
082
_a
808.22ج ا و
100
_a
سید جاوید اختر
245
_a
پلٹی ہوءی آواز
260
_a
بہاول پور
_c
۱۹۹۱
300
_a
۱۸۴
942
_c
BK
999
_c
15065
_d
15065